| 000 | 00809cam a22002777a 4500 | ||
|---|---|---|---|
| 003 | CHAP | ||
| 005 | 20220329134520.0 | ||
| 008 | 971013s1978 r 00010 d | ||
| 010 | _a21461 | ||
| 011 | _a22433 | ||
| 035 | _a26528 | ||
| 040 | _cCHAP | ||
| 090 | _aFolleto 6195 | ||
| 100 | 0 | 0 |
_aClarke, P. A. _923660 |
| 245 | 0 |
_aRice processing _b: a check list of commercially available machinery |
|
| 260 |
_aLondon : _bTropical Products Institute, _c1978 |
||
| 300 | _apág. varía | ||
| 490 | 0 |
_aTPI _v; G114 |
|
| 590 |
_aBATCH-UPD _b10 _c20130110 _lUCH01 _h2151 |
||
| 590 |
_aCONVERSION _b10 _c20130109 _lUCH01 _h1313 |
||
| 650 | 1 | 4 |
_aArroz _xImplementos y maquinaria. _97620 |
| 830 | 0 |
_aTPI _v; G114 _9114473 |
|
| 901 | _aBK | ||
| 942 | _cFOLL | ||
| 949 |
_aFolleto 6195 _bBC _cFOLL _d-61148 _eTS1 _i26528 _si |
||
| 999 |
_c21461 _d21461 |
||